|
|
|
|
| LEADER |
00000nam0a2200000 4500 |
| 001 |
276269 |
| 005 |
20231101234914.0 |
| 020 |
|
|
|a RU
|b 85-107339
|
| 035 |
|
|
|a (RuTPU)RU\TPU\book\299527
|
| 090 |
|
|
|a 276269
|
| 100 |
|
|
|a 20141120d1985 k y0rusy5003 ca
|
| 101 |
0 |
|
|a rus
|
| 102 |
|
|
|a RU
|
| 105 |
|
|
|a a z 001zy
|
| 200 |
1 |
|
|a Методы совершенствования организационно-технологической подготовки строительного производства
|f А. А. Гусаков, Н. И. Ильин
|g Академия наук СССР (АН СССР)
|
| 210 |
|
|
|a Москва
|c Стройиздат
|d 1985
|
| 215 |
|
|
|a 156 с.
|c ил.
|
| 320 |
|
|
|a Библиогр.: с. 154-156
|
| 606 |
1 |
|
|a Строительные организации
|x Техническая подготовка производства
|x Автоматизация
|2 stltpush
|3 (RuTPU)RU\TPU\subj\57675
|9 75533
|
| 610 |
1 |
|
|a строительное производство
|
| 610 |
1 |
|
|a ЭВМ
|
| 610 |
1 |
|
|a применение
|
| 610 |
1 |
|
|a автоматизированные системы проектирования
|
| 610 |
1 |
|
|a автоматизированные системы управления
|
| 610 |
1 |
|
|a проектирование
|
| 610 |
1 |
|
|a управление
|
| 610 |
1 |
|
|a технологическая подготовка
|
| 675 |
|
|
|a 69:658.512
|z rus
|v 3
|
| 700 |
|
1 |
|a Гусаков
|b А. А.
|g Александр Антонович
|
| 701 |
|
1 |
|a Ильин
|b Н. И.
|g Николай Иванович
|
| 712 |
0 |
2 |
|a Академия наук СССР (АН СССР)
|c (1925-1991)
|2 stltpush
|3 (RuTPU)RU\TPU\col\722
|
| 801 |
|
0 |
|a RU
|b RuMRKP
|c 19950704
|g psbo
|
| 801 |
|
1 |
|a RU
|b 63413507
|c 20141120
|
| 801 |
|
2 |
|a RU
|b 63413507
|c 20170331
|g RCR
|
| 942 |
|
|
|c BK
|